| 000 | 01224nam a22003857a 4500 | ||
|---|---|---|---|
| 001 | BR7703491 | ||
| 003 | BR-BrBNA | ||
| 005 | 20230928085328.0 | ||
| 007 | ta | ||
| 008 | 230509b bl.||||| |||| 00| 0 por d | ||
| 040 |
_aBR-BrBNA _bpor _cBiblioteca Nacional de Agricultura |
||
| 041 | _a(Por) | ||
| 072 |
_aF27; F24; F10 _b1910 _b1930 _b/G514 _bGG60 _b/GZ15 |
||
| 090 | _ 1910 BR7703491 | ||
| 100 | 1 | _aSerrao, E.A.S. | |
| 100 | 1 | _aFalesi, I.C. | |
| 110 | 1 | _aCentro de Pesquisa Agropecuaria do Tropico Umido, Belem, PA (Brasil) | |
| 245 | 1 | _aPastagens do tropico umido brasileiro [Cultivo do solo; Reconhecimento do solo; Climatologia; Pastagem cultivada; Pastagem natural; Graminea forrageira; America tropical; Zona umida; Vegetacao] | |
| 260 | 3 |
_aBelem, PA (Brasil): _c1977. |
|
| 300 | _a63 p. | ||
| 500 | _a39 ref. | ||
| 650 | _aCultivo do solo | ||
| 650 | _aReconhecimento do solo | ||
| 650 | _aClimatologia | ||
| 650 | _aPastagem cultivada | ||
| 650 | _aPastagem natural | ||
| 650 | _aGraminea forrageira | ||
| 650 | _aAmerica tropical | ||
| 650 | _aZona umida | ||
| 650 | _aSolo | ||
| 650 | _aClima tropical | ||
| 650 | _aVegetacao | ||
| 909 |
_a202309 _bLucia _c55 _dLucia Elande |
||
| 942 | _cBK | ||
| 999 |
_c23874 _d23874 |
||